000 00862nam a22002297a 4500
003 BR-ViAPE
005 20260514123029.0
008 260514s2016 porbco|gs|||| 001 0 por d
020 _q978-85-98928-21-0
040 _cBR-ViAPE
100 _aRölke, Helmar
245 _aRaízes da imigração alemã
300 _a624 p.
_bil.
300 _bLivro disponível em PDF
490 _aColeção Canaã
_vv. 23
500 _aObra disponibilizada em PDF por integrar a Coleção Canaã do APEES.
650 _aImigração
_xAlemã
_xHistória
_zEspírito Santo (Brasil)
651 _aEspírito Santo (Brasil)
710 _aArquivo Público do Estado do Espírito Santo
856 _uhttps://ape.es.gov.br/Media/ape/PDF/Livros/APEES_23_Ra%C3%ADzes_da_Imigra%C3%A7%C3%A3o_Alem%C3%A3_Helmar_R%C3%B6lke.pdf
_yCLIQUE AQUI PARA ACESSAR O DOCUMENTO
942 _2ddc
_cBK
_n1
999 _c669
_d669